| 000 | 00435 a2200157 4500 | ||
|---|---|---|---|
| 020 | _a0-07-112756-9 | ||
| 040 | _aDLC | ||
| 082 | _a808.0666021 | ||
| 100 | 1 | _aEisenberg, Anne | |
| 245 | 0 | 0 |
_aEffective technical communication _cAnne Eisenberg |
| 250 | _a2nd ed. | ||
| 260 |
_aNew York : _bMcGraw-Hill, _c1993 |
||
| 300 |
_axvi, 400 p. : _bill. ; _c23cm |
||
| 490 | 0 | _aMcGraw-Hill international editions | |
| 942 |
_cBK _k808.0666021 EIS _2ddc |
||
| 999 |
_c4911 _d4911 |
||